00827nam a22002177a 4500003000500000005001700005008004100022010001000063011001000073035001000083040000900093100003500102245016900137260004000306300002000346502009900366650004600465650004800511650002500559650002500584CHAP20220329141012.0971013s1996 r 00010 d a61127 a62099 a66273 cCHAP00aCruz Guzmán, Carlos Eduardo. aAnálisis de las ventajas comparativas de la producción de maíz, bajo tres tipos de tecnología en el Distrito de Desarrollo Rural 089 de Sahuayo, Michoacán aChapingo, Méx. :bEl autor,c1996 a66 h.b; anexos aTesis (Ing. Agr. Esp. en Economía Agrícola) -- UACH. Departamento de Economía Agrícola14aAgriculturaxInnovaciones tecnológicas.14aDistrito de Desarrollo Rural Sahuayo, Mich.14aMaízxMichoacán.14aMaízxRendimiento.